Mulherzinhas (Registo nº 75979)

Detalhes MARC
000 -Etiqueta do registo
campo de controlo de comprimento fixo 00553 2200181 4500
001 - Identificador do registo
Campo de controlo 75979
005 - Identificador da versão
Campo de controlo 20260318155447.0
100 ## - Dados Gerais de Proc.
Dados gerais de processamento 20260318d1973 a||y0pory50 ba
101 0# - Língua da publicação
Língua do texto, banda sonora, etc. Português
102 ## - País de Publicação
País de publicação Portugal
200 1# - Título
Título próprio Mulherzinhas
Primeira menção de responsabilidade Hugo Staff; ant. bibliog Louisa May Alcott, 1832-1888. trad.
Outras menções de responsabilidade ilust. Jill
-- trad. Albertina Rocha de Macedo
210 ## - Publicação, Distribuição
Lugar da edição, distribuição, etc. Lisboa
Nome do editor, distribuidor, etc. Didáctica
Data da publicação, distribuição, etc. 1973
215 ## - Descrição física
Descrição física 58, [2] p.
Outras indicações físicas il
304 ## - Título e responsabilidade
Texto da nota Título original: Little Women
606 ## - Nome comum
Elemento de entrada Literatura juvenil
Koha Internal code 2126
675 ## - CDU
Notação 821.111(73)-31
Edição BN
Língua da edição Português
090 ## - Números de controlo do sistema (Koha)
Número biblioitem do Koha (gerado automaticamente) 75979
942 ## - Elementos de entrada adicionados (Koha)
Tipo de item no Koha Monografias
Suprimido Disponível no OPAC
Exemplares
Removido (estado) Perdido (estado) Data de aquisição Origem do registo (biblioteca) (codificado) Código da organização que empresta ou é detentora (biblioteca) Código de barras Número de inventário Cota Tipo de circulação (não pode ser emprestado) Tipo de item e material
Disponível Disponível 2026-03-18 Biblioteca EB23 D. Paio Peres Correia Biblioteca EB23 D. Paio Peres Correia BEDPPC10693 10693 82.03-31 ALC Normal Monografias